000 00423nam a2200181Ia 4500
001 18309
005 20260306171621.0
008 260306s9999||||xx |||||||||||||| ||und||
041 _aESP
082 _a658.403
_bA59 2011
100 _aAnderson. David R.
_eAUT
245 0 _aMétodos cuantitativos para los negocios
260 _c2011
300 _a
_c
650 _aGEN
654 _aCAN
942 _cLIB
_dJUS
_fJUS
_2ddc
_n
999 _c18309
_d18309